[Event "Fall Chess Classic-A 2018"]
[Site "Saint Louis"]
[Date "2018.10.14"]
[Round "5"]
[White "Kuzubov, Yuriy"]
[Black "Hammer, Jon Ludvig"]
[Result "1-0"]
[WhiteElo "2655"]
[BlackElo "2662"]
[Annotator "RC"]
[PlyCount "75"]
[EventDate "2018.10.10"]
[EventType "tourn"]
[EventCountry "USA"]
[SourceTitle "playchess.com"]
[Source "ChessBase"]
[SourceQuality "1"]
[TimeControl "40/5400+30:1800+30"]

1. d4 {[%emt 0:00:00]} Nf6 {[%emt 0:00:00]} 2. c4 {[%emt 0:00:00]} g6 {[%emt 0:00:00]} 3. Nf3 {[%emt 0:00:57]} Bg7 {[%emt 0:00:00]} 4. g3 {[%emt 0:00:06]} c6 {[%emt 0:00:00]} 5. Bg2 {[%emt 0:00:23]} d5 {[%emt 0:00:04]} 6. Nbd2 {[%emt 0:03:52]} O-O {[%emt 0:08:17]} 7. O-O {[%emt 0:00:16]} Bf5 {[%emt 0:00:15]} 8. b3 {[%emt 0:00:28]} Qa5 {[%emt 0:26:02]} 9. Bb2 {[%emt 0:01:01]} Ne4 {[%emt 0:00:36]} 10. e3 {[%emt 0:15:01]} Nxd2 {[%emt 0:05:05]} 11. Nxd2 {[%emt 0:05:29]} Bd3 {[%emt 0:00:40]} 12. Re1 {[%emt 0:01:37]} Nd7 {[%emt 0:04:13]} 13. a3 {[%emt 0:11:40]} Nf6 {[%emt 0:21:26]} 14. Rc1 {[%emt 0:01:23]} Bf5 {[%emt 0:00:18]} 15. b4 {[%emt 0:02:59]} Qb6 {[%emt 0:00:12]} 16. Nb3 {[%emt 0:08:51]} Rad8 {[%emt 0:01:40]} 17. h3 {[%emt 0:06:36]} h5 {[%emt 0:01:27]} 18. Qe2 {[%emt 0:01:06]} g5 {[%emt 0:01:02]} 19. Nc5 {[%emt 0:04:35]} g4 {[%emt 0:00:07]} 20. h4 {[%emt 0:01:55]} Ne4 {[%emt 0:00:08]} 21. cxd5 {[%emt 0:00:41]} cxd5 {[%emt 0:00:31]} 22. Nxe4 {[%emt 0:01:24]} Bxe4 {[%emt 0:00:05]} 23. Bxe4 {[%emt 0:00:19]} dxe4 {[%emt 0:00:02]} 24. Rc5 {[%emt 0:01:01]} f5 {[%emt 0:01:10]} 25. Rec1 {[%emt 0:03:46]} e6 {[%emt 0:00:14]} 26. b5 {[%emt 0:01:25]} Rf7 {[%emt 0:00:26]} 27. Qc4 {[%emt 0:05:21]} a6 {[%emt 0:05:26]} 28. a4 {[%emt 0:01:21]} axb5 {[%emt 0:00:04]} 29. Rxb5 {[%emt 0:02:29]} Qa6 {[%emt 0:00:20]} 30. Qb3 {[%emt 0:01:34]} Rd6 {[%emt 0:03:16]} 31. Rc8+ {[%emt 0:11:58]} Kh7 {[%emt 0:00:02]} 32. d5 {[%emt 0:01:04]} exd5 {[%emt 0:13:15]} 33. Rxd5 {[%emt 0:00:59]} Rfd7 {[%emt 0:06:00]} 34. Rxd6 {[%emt 0:02:06]} Qxd6 {[%emt 0:00:10]} 35. Qg8+ {[%emt 0:00:10]} Kh6 {[%emt 0:01:21]} 36. Re8 {[%emt 0:00:29]} Bxb2 {[%emt 0:03:34]} 37. Re6+ {[%emt 0:00:07]} Bf6 {[%emt 0:00:05]} 38. Qh8+ {[%emt 0:00:26]} 1-0

[Event "Fall Chess Classic-A 2018"]
[Site "Saint Louis"]
[Date "2018.10.14"]
[Round "5"]
[White "Akobian, Varuzhan"]
[Black "Dreev, Aleksey"]
[Result "1/2-1/2"]
[WhiteElo "2641"]
[BlackElo "2649"]
[Annotator "TA"]
[PlyCount "61"]
[EventDate "2018.10.10"]
[EventType "tourn"]
[EventCountry "USA"]
[SourceTitle "playchess.com"]
[Source "ChessBase"]
[SourceQuality "1"]

{[%evp 22,61,33,22,31,20,37,35,29,32,26,27,38,13,14,18,17,12,12,0,14,9,8,8,14,6,9,0,0,0,0,0,0,0,0,0,0,0,0,0,0,0]} 1. d4 d5 2. c4 c6 3. cxd5 cxd5 4. Nf3 Nf6 5. Nc3 Nc6 6. Bf4 e6 7. e3 Be7 8. h3 Bd6 9. Bxd6 Qxd6 10. Bd3 O-O 11. O-O {D13: Slav Defence: Exchange variation without ...Bf5} Bd7 12. Rc1 {LiveBook: 7 Games} Rac8 (12... Rfc8 13. Qd2 a6 14. e4 dxe4 15. Nxe4 Nxe4 16. Bxe4 Nd8 17. d5 e5 18. Qg5 f6 {0-1 (43) Adhiban,B (2666)-Malakhov,V (2713) Doha 2016}) 13. a3 $146 {White is slightly better.} ({Predecessor:} 13. Qe2 g6 14. Rfd1 Rfe8 15. Bb5 Ne7 16. Ne5 Bxb5 17. Nxb5 Qb6 18. Nc3 Kg7 {1-0 (39) Zhukova,N (2456)-Gunina,V (2506) Rhodes 2013}) 13... Rfd8 14. Qe2 Be8 15. Rc2 a6 16. Rfc1 Ne7 17. Ne5 Nd7 {The position is equal.} 18. Nxd7 Bxd7 19. Nb1 Rxc2 20. Rxc2 (20. Qxc2 {with more complications.} Rc8 21. Nc3 h6 22. Qb3 Rc7 23. Qd1) 20... Rc8 21. Rxc8+ Nxc8 22. Qc2 h6 23. Nd2 Qc6 (23... Qb6 {looks sharper.} 24. g3 Qd8 25. Nf3 Nd6 26. Kg2 Be8) 24. Qxc6 Bxc6 $11 {[%mdl 4096] Endgame KBN-KBN} 25. f3 Nd6 26. Kf2 f6 27. g4 Kf7 28. h4 a5 29. e4 dxe4 30. fxe4 e5 31. dxe5 {Precision: White = 68%, Black = 67%.} 1/2-1/2

[Event "Fall Chess Classic-A 2018"]
[Site "Saint Louis"]
[Date "2018.10.14"]
[Round "5"]
[White "Lenderman, Aleksandr"]
[Black "Bruzon Batista, Lazaro"]
[Result "1/2-1/2"]
[WhiteElo "2626"]
[BlackElo "2653"]
[Annotator "TA"]
[PlyCount "64"]
[EventDate "2018.10.10"]
[EventType "tourn"]
[EventCountry "USA"]
[SourceTitle "playchess.com"]
[Source "ChessBase"]
[SourceQuality "1"]

{[%evp 18,64,33,33,54,25,36,4,3,3,18,-41,-39,-51,-54,-46,-38,-53,-23,-18,-14,-12,-20,-26,-13,-47,-29,-48,0,-4,-3,0,0,0,0,0,9,0,0,0,0,0,0,0,0,0,0,0,2]} 1. d4 d5 2. c4 dxc4 3. e4 e5 4. Nf3 exd4 5. Bxc4 Bb4+ 6. Nbd2 Nc6 7. O-O Nf6 {[%cal Bg8f6,Bf6d5,Bd5b6][%mdl 32]} 8. e5 Nd5 9. Nb3 Nb6 10. Bb5 {[%mdl 1024] White has compensation.} Bd7 {D20: Queen's Gambit Accepted: 3 e3 and 3 e4} 11. a3 Be7 12. Qe2 O-O 13. Rd1 {[#]} Re8 $146 ({Predecessor:} 13... Qe8 14. Bd3 Qc8 15. Qe4 g6 16. Bh6 Bf5 17. Qf4 Rd8 18. Bxf5 Qxf5 19. Qxf5 gxf5 20. Nbxd4 Nxd4 21. Nxd4 {½-½ (46) Wojtaszek,R (2608)-Gajewski,G (2581) Chotowa 2009}) 14. Bd3 {[#]} (14. Bf4 $11) 14... Bf6 $1 $15 {[%cal Rc6e5][%mdl 512]} 15. Bxh7+ (15. exf6 Rxe2) 15... Kxh7 16. Qd3+ Kg8 17. exf6 Qxf6 {Threatens to win with ...Ne5.} 18. Bg5 Qd6 {...Ne5 is the strong threat.} 19. Nbxd4 Nxd4 20. Qxd4 Qg6 {[#] And now ...Bc6 would win.} 21. Bh4 Bc6 22. Bg3 Re4 (22... Bxf3 $5 23. gxf3 c6 $15) 23. Qd2 {The position is equal.} Rae8 24. Re1 Rxe1+ 25. Rxe1 Rxe1+ 26. Nxe1 Nd5 27. f3 b6 28. Qd4 Qe6 29. Qe5 Qxe5 30. Bxe5 f6 31. Bg3 Kf7 32. Nd3 Ke6 {Precision: White = 56%, Black = 51%.} 1/2-1/2

[Event "Fall Chess Classic-A 2018"]
[Site "Saint Louis"]
[Date "2018.10.15"]
[Round "6"]
[White "Hammer, Jon Ludvig"]
[Black "Lenderman, Aleksandr"]
[Result "1-0"]
[WhiteElo "2662"]
[BlackElo "2626"]
[Annotator "TA"]
[PlyCount "97"]
[EventDate "2018.10.10"]
[EventType "tourn"]
[EventCountry "USA"]
[SourceTitle "playchess.com"]
[Source "ChessBase"]
[SourceQuality "1"]

{[%evp 16,97,-37,-26,8,0,0,0,-2,-11,-16,-31,-31,-37,-38,-33,-27,-29,-22,-22,-28,-26,-24,-27,0,0,0,0,0,0,8,9,10,8,15,14,16,5,11,9,30,21,36,21,34,17,14,18,19,15,23,23,23,23,33,24,23,21,16,16,139,137,119,111,170,174,189,156,435,437,435,426,29984,29985,29985,29986,29986,29987,29987,29988,29993,29989,29989,29990]} 1. Nf3 d5 2. g3 Nf6 3. Bg2 e6 4. O-O Be7 5. d3 O-O 6. c4 c5 7. Ne5 {A14: English Opening: 1...e6 with b3 by White} (7. cxd5 exd5 8. d4 Nc6 9. Nc3 h6 10. dxc5 Bxc5 11. Na4 Be7 12. Be3 Re8 13. Rc1 Bf8 14. Bc5 Bxc5 15. Nxc5 Qb6 16. Na4 Qa6 17. Nc3 Bg4 18. Nd4 Rad8 {½-½ (61) Giri,A (2771)-Aronian,L (2793) Leuven 2017}) 7... Nbd7 8. Bf4 Nxe5 9. Bxe5 {LiveBook: 3 Games. Black is slightly better.} b6 $146 ({Predecessor:} 9... Nd7 10. Bf4 e5 11. Bd2 d4 12. Na3 f5 13. Rb1 a5 14. e3 Nf6 15. exd4 cxd4 {1-0 (38) Stefansson,H (2514)-Kumar,N (2274) Reykjavik 2017}) 10. Nc3 Bb7 11. Qa4 Qc8 12. cxd5 Nxd5 13. Qg4 {[%csl Ge5][%cal Rg4g7] [#]} Nf6 14. Qh3 Rd8 15. Rfc1 Qd7 (15... Bxg2 {looks sharper.} 16. Qxg2 Nd5 17. Ne4 Qd7 18. b3 f6) 16. Bxf6 {And now Bxb7 would win.} Bxf6 17. Bxb7 Qxb7 18. Qg2 Qa6 19. Rc2 c4 20. dxc4 $1 Qxc4 21. Qf3 h6 22. Kg2 Qb4 23. Ne4 Be5 ({But not} 23... Bxb2 $2 24. Rb1 $18) 24. Rac1 Rab8 ({Not} 24... Bxb2 $2 25. Rb1 $18) 25. b3 Qa5 26. g4 Qd5 27. h4 f6 28. Rd2 Qa5 29. Rcc2 Rxd2 30. Nxd2 Rd8 31. Nc4 Qc5 32. Qe4 Qd5 33. Qxd5 Rxd5 $11 {[%mdl 4096] Endgame KRB-KRN} 34. e3 Bc7 35. Nd2 Bd8 36. Nf3 Kf7 37. Rc8 e5 {[#]} (37... f5 $11 {remains equal.}) 38. h5 $1 $16 Rd7 39. Nh4 Be7 (39... b5 $16) 40. Kf3 $18 Bb4 41. Ke4 Rd2 $2 (41... Ke6 $16 {was called for.} 42. Nf5 Kf7) 42. Rc7+ Kg8 43. Kf5 Rxf2+ (43... Bf8 $18 44. Rxa7 Rd1) 44. Ke6 {White mates.} f5 45. Rc8+ Bf8 46. gxf5 Rd2 47. Ng6 Rd6+ 48. Kxe5 Rf6 49. e4 {Precision: White = 79%, Black = 38%.} 1-0

[Event "Fall Chess Classic-A 2018"]
[Site "Saint Louis"]
[Date "2018.10.15"]
[Round "6"]
[White "Swiercz, Dariusz"]
[Black "Akobian, Varuzhan"]
[Result "0-1"]
[WhiteElo "2656"]
[BlackElo "2641"]
[Annotator "TA"]
[PlyCount "92"]
[EventDate "2018.10.10"]
[EventType "tourn"]
[EventCountry "USA"]
[SourceTitle "playchess.com"]
[Source "ChessBase"]
[SourceQuality "1"]

{[%evp 24,92,11,5,7,6,45,19,29,18,17,-4,21,-10,-10,-29,0,0,15,0,14,16,32,23,22,20,59,0,0,0,0,0,0,0,0,0,0,0,0,0,0,0,0,-53,-37,-43,-56,-42,-47,-69,-56,-457,-514,-514,0,-710,0,-496,-489,-487,-483,-455,-444,-3281,-3118,-29981,-29982,-29986,-29987,-29990,-29991]} 1. d4 d5 2. Nf3 Nf6 3. c4 e6 4. g3 Bb4+ 5. Bd2 Be7 6. Bg2 O-O 7. O-O Nbd7 8. Qc2 Ne4 9. Bf4 c6 10. Nc3 g5 {E08: Closed Catalan: Main Line: 7 Qc2} 11. Bc1 (11. Be3 Nd6 12. cxd5 exd5 13. Rad1 Re8 14. Bc1 Nb6 15. b3 Bf6 16. Qd2 g4 17. Ne5 Bg7 18. Rfe1 {1-0 (50) Jojua,D (2583)-Le,Q (2727) Abu Dhabi 2018}) 11... f5 12. b3 b6 13. Bb2 {LiveBook: 3 Games} Bb7 14. Ne1 {[%cal Rc3e4] [#]} Bf6 $146 ({Predecessor:} 14... Nd6 15. Nd3 Rc8 16. Rac1 Rf7 17. Ne5 Rg7 18. e3 {½-½ (32) Velilla Velasco,F (2550)-Jonsson,D (2550) ICCF email 2016}) 15. Rd1 {[%cal Rc3e4]} Qe7 16. e3 Rac8 17. Nd3 c5 18. Ba3 Qg7 19. Ne2 Rfd8 {[%cal Rc5d4]} 20. dxc5 bxc5 21. f3 Nd6 22. cxd5 Bxd5 23. Nf2 Nb5 24. Bc1 Ne5 25. e4 (25. f4 $14 Nf3+ 26. Bxf3 Bxf3 27. fxg5 Bxg5 28. Rxd8+ Rxd8 29. Qc4 Bxe2 30. Qxe2) 25... Nd4 $11 26. Nxd4 cxd4 27. Qe2 Bb7 {And now ...d3! would win.} 28. f4 $1 {[%cal Rf4e5] [#]} Rxc1 $1 {[%mdl 512]} 29. fxe5 (29. Rxc1 d3) 29... Rxd1 30. Rxd1 Bxe5 31. exf5 {Black must now prevent f6!} Bxg2 32. Kxg2 exf5 33. Nd3 (33. Qb5 $11) 33... Qb7+ $15 34. Kg1 Bg7 35. Re1 Rf8 36. Qh5 Qa6 37. Qxg5 $2 {[%mdl 8192]} ({Better is} 37. Qf3 $15) 37... Qxd3 $19 38. Re7 {[%csl Ge7][%cal Rg5g7] [#]} Rf7 39. Re8+ Rf8 40. Re7 {[%csl Ge7][%cal Rg5g7]} Qb1+ 41. Kg2 {[%csl Ge7][%cal Rg5g7]} Qb2+ 42. Kh3 {[%csl Ge7][%cal Rg5g7]} d3 43. Rxa7 (43. Rd7 $142) 43... Qd4 44. Ra4 Qd7 {Black mates.} 45. Qd2 f4+ {[%cal Bf5f4,Bf4f3][%mdl 32]} 46. Kg2 f3+ {Precision: White = 45%, Black = 60%.} 0-1

[Event "Fall Chess Classic-A 2018"]
[Site "Saint Louis"]
[Date "2018.10.15"]
[Round "6"]
[White "Bruzon Batista, Lazaro"]
[Black "Robson, Ray"]
[Result "1-0"]
[WhiteElo "2653"]
[BlackElo "2682"]
[Annotator "TA"]
[PlyCount "153"]
[EventDate "2018.10.10"]
[EventType "tourn"]
[EventCountry "USA"]
[SourceTitle "playchess.com"]
[Source "ChessBase"]
[SourceQuality "1"]

{[%evp 21,153,30,20,-6,0,0,6,-8,0,-13,62,31,27,20,24,21,16,26,22,7,0,0,0,0,0,0,0,0,0,0,0,0,0,0,0,-31,-25,-58,-16,-38,0,-13,-17,-23,-14,-21,-29,-41,-35,-26,0,0,0,-8,-8,-41,-26,-12,-8,-187,-66,-62,-54,-149,-74,-70,-82,-137,-152,-147,0,0,0,-153,-138,-133,-8,-8,-8,-8,-8,-8,0,0,0,0,0,0,306,0,0,0,0,-8,-8,-8,-8,-8,-8,-8,0,-8,0,-8,0,-8,0,0,0,0,0,0,5064,5064,29972,29974,29975,29976,29976,29977,29977,29978,29978,29979,29979,29980,29980,29981,29981,29982,29982,29983,29983,29984]} 1. c4 c5 2. Nf3 Nc6 3. Nc3 g6 4. e3 Nf6 5. d4 cxd4 6. exd4 d5 7. cxd5 Nxd5 8. Qb3 Nxc3 9. Bc4 e6 10. bxc3 Bd7 11. Bd3 {A35: Symmetrical English: 2 Nc3 Nc6 3 Nf3} Na5 {LiveBook: 8 Games} 12. Qb1 Bg7 13. Ba3 $146 {The position is equal.} ({Predecessor:} 13. h4 Rc8 14. h5 Bc6 15. Ng5 Bxg2 16. hxg6 Bxh1 17. gxf7+ Kd7 18. Qb4 Qb6 {0-1 (54) Grischuk,A (2766)-So,W (2780) Saint Louis 2018}) 13... Bf8 14. Bb4 Bxb4 15. Qxb4 b6 (15... Bc6 $11) 16. h4 (16. d5 $5) 16... Qe7 17. h5 Nc6 18. Qxe7+ Kxe7 19. Kd2 g5 {[%cal Bg6g5,Bg5g4][%mdl 32]} 20. Rae1 {Threatening d5.} g4 21. Nh2 Rag8 22. Nf1 Rg5 23. Ne3 Kd6 24. h6 f5 25. Nc4+ Kc7 26. Rh4 Rf8 27. a3 Rf6 28. Ne3 Ne7 29. Reh1 Rgg6 30. Nc4 Ng8 {[%cal Rg6h6]} 31. Ne5 Rxh6 32. Rxh6 Rxh6 33. Rxh6 Nxh6 $11 {[%mdl 4096] Endgame KBN-KBN} 34. Ke3 Ng8 35. Kf4 Ne7 36. Kg5 Bc8 37. g3 Nd5 38. c4 Nc3 39. Kf6 a6 40. f3 $2 {[#]} (40. Ke7 $11 {and White stays safe.}) 40... h5 (40... f4 $1 $19 {[%mdl 512]} 41. fxg4 (41. gxf4 g3) 41... fxg3) 41. Kg5 Bb7 42. f4 (42. fxg4 $15 hxg4 43. d5) 42... b5 (42... Be4 $142 $1 43. Kf6 Bxd3 44. Nxd3 Ne4+ 45. Kxe6 Nxg3) 43. Kxh5 $17 Kd6 44. Nf7+ (44. Kh4 $142) 44... Ke7 45. Ne5 Kd6 46. Nf7+ $1 Ke7 47. Ne5 Be4 48. Bf1 {[#]} Bf3 (48... bxc4 $1 $17 49. Bxc4 Nb1) 49. cxb5 $11 axb5 50. Nxf3 gxf3 {KB-KN} 51. g4 Kf6 52. g5+ Kg7 $1 53. Bd3 {Black must now prevent Kh4.} Ne2 54. Bxb5 {And now Kh4 would win.} Nxf4+ 55. Kh4 {Hoping for Kg3.} Ne2 56. a4 Nxd4 57. Bc4 e5 {...e4 is the strong threat.} 58. Kg3 $1 e4 59. Kf4 $1 Nc6 60. Bb5 Nb4 61. Bc4 Nc6 62. Bb5 $1 {[%cal Rb5c6]} Ne7 63. Bc4 Ng6+ 64. Ke3 Ne5 65. Bb5 {Threatens to win with a5.} Nf7 66. a5 {[%cal Ba4a5,Ba5a6,Ba6a7][%mdl 32]} Nxg5 $2 {[%mdl 8192] [#]} (66... Nd6 $11 67. Bf1 Kg6) 67. Bc4 $1 $18 ({Weaker is} 67. a6 Ne6 $11) 67... f4+ 68. Kxf4 {White mates.} e3 69. Kxe3 f2 70. a6 Ne6 71. a7 Nc7 72. Kd4 Kf6 73. Kc5 Ke7 74. Kc6 Kd8 75. Bf1 Kc8 76. Bh3+ Kd8 77. Kb7 {Precision: White = 62%, Black = 54%.} 1-0

[Event "Fall Chess Classic-A 2018"]
[Site "Saint Louis"]
[Date "2018.10.15"]
[Round "6"]
[White "Dreev, Aleksey"]
[Black "Kuzubov, Yuriy"]
[Result "1/2-1/2"]
[WhiteElo "2649"]
[BlackElo "2655"]
[Annotator "TA"]
[PlyCount "38"]
[EventDate "2018.10.10"]
[EventType "tourn"]
[EventCountry "USA"]
[SourceTitle "playchess.com"]
[Source "ChessBase"]
[SourceQuality "1"]

{[%evp 20,38,17,12,22,10,10,10,10,0,0,0,7,0,6,0,0,0,7,0,0]} 1. d4 {Ftacnik,L} Nf6 2. c4 e6 3. Nc3 d5 4. cxd5 exd5 5. Bg5 c6 6. e3 Bf5 7. Qf3 Bg6 8. Bxf6 Qxf6 9. Qxf6 gxf6 10. Rd1 {D35: Queen's Gambit Declined: Exchange Variation} (10. Nf3 Nd7 11. Nh4 Be7 12. Ne2 f5 13. g3 Bxh4 14. gxh4 Nf6 15. Rg1 Ke7 16. Bh3 Rae8 17. Nf4 Kd6 18. Kd2 {1-0 (42) Kramnik,V (2779)-Aleksandrov,A (2602) Batumi 2018}) 10... Nd7 {[%cal Bb8d7,Bd7b6,Bb6c8,Bc8d6][%mdl 32]} 11. Bd3 {LiveBook: 3 Games. The position is equal.} Nb6 12. b3 $146 ({Predecessor:} 12. Nge2 Kd7 13. e4 dxe4 14. Bxe4 Re8 15. Bd3 Bb4 16. O-O Kc7 17. Ng3 Bxc3 18. bxc3 {½-½ (46) Timman,J (2635)-Short,N (2655) El Escorial 1993 Candidates [Ftacnik,L]}) 12... a5 13. a4 Bb4 14. Nge2 Nc8 15. O-O Nd6 16. Na2 Ba3 17. Nac3 Bb4 18. Na2 Ba3 19. Nac3 Bb4 1/2-1/2

[Event "Fall Chess Classic-A 2018"]
[Site "Saint Louis"]
[Date "2018.10.16"]
[Round "7"]
[White "Robson, Ray"]
[Black "Hammer, Jon Ludvig"]
[Result "1-0"]
[WhiteElo "2682"]
[BlackElo "2662"]
[Annotator "TA"]
[PlyCount "93"]
[EventDate "2018.10.10"]
[EventType "tourn"]
[EventCountry "USA"]
[SourceTitle "playchess.com"]
[Source "ChessBase"]
[SourceQuality "1"]

{[%evp 11,93,44,59,16,17,0,10,14,8,12,11,0,21,0,50,47,53,49,56,48,94,94,70,57,59,43,48,62,73,55,75,85,121,114,112,100,144,139,145,140,180,184,240,228,245,221,228,231,231,228,220,194,227,235,260,282,272,268,264,264,260,256,300,137,268,279,411,386,468,467,444,449,433,400,385,294,519,511,602,608,578,550,549,542]} 1. c4 e5 2. Nc3 Nf6 3. Nf3 Nc6 4. e3 g6 5. d4 d6 6. d5 {A28: Englische Eröffnung (Vierspringer-Variante)} (6. Be2 Bg7 7. dxe5 Nxe5 8. Nxe5 dxe5 9. Qxd8+ Kxd8 10. e4 Be6 11. Be3 Kc8 12. O-O c6 13. h3 h5 14. Rad1 Bh6 15. Bxh6 Rxh6 16. h4 Kc7 17. g3 Rhh8 {½-½ (39) Le,Q (2728)-Duda,J (2737) Danzhou 2018}) 6... Ne7 {LiveBook: 8 Partien} 7. c5 Bg7 8. Bb5+ {Die Stellung ist ausgeglichen.} Bd7 9. cxd6 cxd6 10. Bxd7+ Qxd7 11. e4 $146 ({Vorgänger:} 11. O-O O-O 12. e4 Nh5 13. Ne1 Kh8 {½-½ (73) Penzold,A (2387)-Strzemiecki,Z (2434) Germany 2013}) 11... O-O 12. a4 Qg4 13. h3 $1 {[%cal Rh3g4]} Qd7 (13... Qxg2 $2 14. Rh2 $18) 14. O-O Rfc8 15. Qd3 h6 16. Be3 g5 17. Qb5 a6 18. Qxd7 Nxd7 19. Nd2 Ng6 20. Ne2 {[%cal Bc3e2,Be2g3,Bg3f5][%mdl 32]} Nf4 21. Ng3 $1 Nd3 22. Nf5 Bf8 23. a5 Nf6 24. f3 Rc2 25. b3 Nh5 26. Nc4 Nhf4 (26... Rc8 $142 27. g3 (27. Nfxd6 Rd8 $16) (27. Ncxd6 R8c3 $14) 27... Rc7) 27. Bd2 $1 $18 Rc8 {[#]} 28. Nfe3 $1 {[%cal Re3c2]} ({Nicht} 28. Nfxd6 Bxd6 29. Nxd6 Rxd2 $17) 28... R8xc4 29. Nxc4 Ne2+ 30. Kh2 f5 31. Rfd1 {Und weiter mit Se3 wäre nett.} fxe4 32. fxe4 Nc5 33. Ne3 Rb2 {[#]} 34. Bb4 $1 Nxe4 35. Rdb1 Rxb1 36. Rxb1 Nd4 37. Nc4 (37. Rc1 $18 {ist viel giftiger.}) 37... Nb5 (37... Nc2 $16 {war angesagt.}) 38. Rc1 Nd4 {[#]} (38... Nf6 {ist eine bessere Verteidigung.} 39. Ne3 Kf7) 39. Nxe5 $1 {[%mdl 512]} Nc5 ({Ein No Go ist} 39... dxe5 40. Rc8 $18) 40. Bxc5 Nxb3 41. Rb1 Nxc5 {[%mdl 4096] Endspiel KTS-KLS} 42. Nc4 Be7 43. Kh1 Kg7 $2 (43... Kf7 44. Rb6 Bd8) 44. g4 {Weiß steht klar auf Gewinn.} Kf8 45. Rb6 Bd8 46. Rxd6 Bc7 47. Rf6+ {Precision: Weiß = 67%, Schwarz = 39%.} 1-0

[Event "Fall Chess Classic-A 2018"]
[Site "Saint Louis"]
[Date "2018.10.16"]
[Round "7"]
[White "Sethuraman, S.P."]
[Black "Bruzon Batista, Lazaro"]
[Result "1/2-1/2"]
[WhiteElo "2673"]
[BlackElo "2653"]
[Annotator "TA"]
[PlyCount "202"]
[EventDate "2018.10.10"]
[EventType "tourn"]
[EventCountry "USA"]
[SourceTitle "playchess.com"]
[Source "ChessBase"]
[SourceQuality "1"]

{[%evp 11,202,35,35,8,16,14,36,0,25,12,25,35,25,14,32,8,34,30,44,37,33,13,56,0,0,0,0,0,0,0,0,0,20,0,0,-10,0,0,0,0,0,0,0,0,35,0,0,0,0,0,0,-58,0,-40,-41,-33,-42,-85,-80,-147,-117,-102,-49,-131,-83,-73,-23,-17,-18,-20,-21,-18,-30,-28,-25,-26,0,0,0,-34,-4,-23,0,0,0,0,0,0,0,0,2,0,0,0,0,0,0,0,0,0,0,0,0,0,0,0,0,0,0,0,0,0,0,0,0,0,0,0,0,0,0,-4,0,0,0,-8,0,0,0,-69,-80,-74,-86,-84,-64,-189,-189,-157,-66,-91,-85,-88,-97,-227,-223,-199,-175,-443,-442,-977,-1235,-1235,-1218,-972,-911,-634,-8,-8,0,-810,-8,-8,-8,-8,-8,-8,0,-8,-8,-8,-8,-8,-8,-8,-8,-8,-8,-8,-8,-8,-8,-8,-8,-8,-8,-8,-8,-8,-8,-8,-8,-8,-8]} 1. e4 e5 2. Nf3 Nf6 3. Nxe5 d6 4. Nf3 Nxe4 5. Nc3 Nf6 6. d4 Be7 7. Bg5 {C42: Petroff Defence: 3 Nxe5 and unusual White 3rd moves} (7. Bd3 O-O 8. O-O Nc6 9. d5 Ne5 10. Nxe5 dxe5 11. Re1 Nd7 12. Ne4 Nf6 13. Nxf6+ Bxf6 14. Qf3 Re8 15. c4 b6 {0-1 (41) Wei,Y (2729)-Yu,Y (2762) Danzhou 2018}) 7... h6 8. Bf4 a6 $146 ({Predecessor:} 8... c6 9. Bd3 Na6 10. a3 Be6 11. Ne2 Nc7 12. h3 Qd7 13. Ng3 Ncd5 14. Bd2 b5 {1-0 (66) Villanueva,M (2451)-Pierrot,J (2405) Buenos Aires 2017}) 9. Qd2 {White is slightly better.} Bf5 10. O-O-O Nbd7 11. Bd3 Bxd3 12. Qxd3 Nb6 13. d5 Qd7 14. b3 O-O-O 15. a4 Qg4 16. g3 Qg6 17. Qd4 (17. Qxg6 $14 fxg6 18. a5) 17... Ng4 18. a5 Bf6 19. Qb4 Nd7 20. Ne4 Rhe8 21. Rhe1 Be5 22. Nxe5 Ngxe5 23. h3 f5 (23... Kb8 {seems wilder.} 24. Qc3 Qf5 25. Kb2 Qxh3 26. Bxe5 Nxe5 27. f4 Ng4) 24. Nd2 Qf7 25. Qd4 Qf6 26. Be3 Nc5 {Threatens to win with ...Ned3+!} 27. Kb1 Ned7 28. Nf3 Qf7 29. b4 Ne4 $1 30. Kb2 Nef6 31. c3 (31. c4 $11) 31... Re4 (31... Qh5 $15 32. Ng1 Ne5) 32. Qd3 Rde8 33. Nd2 R4e7 34. Nc4 Qh5 35. Nd2 (35. Rh1 $142) 35... f4 36. gxf4 Qxd5 (36... Nxd5 $17 37. Ne4 Rxe4 38. Qxd5 Qxd5 39. Rxd5 Rxf4 $1 {[%mdl 512]}) 37. Qg6 (37. Nb3 $1 $15 Qxd3 38. Rxd3) 37... Qc6 38. Nb3 Qe4 39. Qxe4 Rxe4 40. Rg1 Nh5 41. Nd4 Rf8 42. f5 Rf7 43. Rg4 Ndf6 (43... Ree7 {with more complications.} 44. Rh4 Nhf6 45. c4 Re4 46. Rxe4 Nxe4 47. Rg1 Ne5) 44. Rxe4 Nxe4 45. Rg1 Nef6 46. c4 Kd7 47. Kc2 Ne8 48. b5 Nhf6 49. bxa6 bxa6 50. Rb1 Kc8 51. Nc6 {Black should prevent Rb8+.} Nd7 52. f4 Nef6 53. Na7+ Kd8 54. Nc6+ Kc8 55. Bf2 Rf8 56. Na7+ Kd8 57. Nc6+ Kc8 58. c5 Re8 ({But not} 58... dxc5 $2 59. Bxc5 $1 {[%mdl 512]} Nxc5 60. Rb8+ Kd7 61. Ne5+ Ke7 62. Ng6+ Kd6 63. Rxf8 $18) 59. Na7+ Kd8 60. Nc6+ Kc8 61. Bd4 Nxc5 (61... Re2+ {is more complex.} 62. Kd1 Rh2 63. Na7+ Kd8 64. Nc6+ Kc8) 62. Bxc5 dxc5 $11 {[%mdl 4096] Endgame KRN-KRN} 63. Na7+ Kd7 64. Rd1+ Ke7 65. Nc6+ Kf8 66. Kc3 Re4 67. Rd8+ Kf7 68. Kd3 Rxf4 69. Ne5+ Ke7 70. Ng6+ ({White should try} 70. Nc6+ $11 Kf7 71. Ne5+ Ke7 72. Nc6+ Kf7) 70... Kxd8 $15 71. Nxf4 {KN-KN} Kd7 72. Ne6 Kc6 $1 73. Nxg7 (73. Kc4 $15) 73... Kb5 $1 $19 74. Ne6 Kxa5 (74... c6 $17 75. Kc3 Nd5+ 76. Kb2 c4) 75. Kc4 Kb6 {Hoping for ...Ne8.} 76. Nxc5 a5 {[%cal Ba6a5,Ba5a4][%mdl 32]} 77. Nb3 (77. Na4+ $17 {was necessary.} Kc6 78. Nc3) 77... Ne8 $1 78. Kd5 {[#]} a4 $1 {[%cal Ra4b3]} 79. Nd2 $2 (79. Nc1 {might work better.}) 79... Kb5 80. Nb1 (80. Kd4 $142 Kb4 81. Kd3) 80... Kb4 81. Kc6 Kb3 82. Kd7 Nf6+ 83. Kxc7 {[#]} Kc2 $2 ({Black should play} 83... Kb2 $1 $19 {[%cal Rb2b1]} 84. Nd2 Kc2) 84. Na3+ $11 Kb3 85. Nb5 $2 {[%mdl 8192]} (85. Nb1 $11) 85... Kc4 $2 ({Better is} 85... Kb4 $19 86. Nd4 Kc5) 86. Kc6 {The position is equal.} Ng8 {...Ne7+ is the strong threat.} 87. Kb6 Kb4 88. Nd4 $1 Kc4 89. Nb5 Ne7 90. Ka5 Nxf5 {aiming for ...Kb3.} 91. Kxa4 h5 92. Nc7 Kd4 93. Kb3 Ne3 94. Ne6+ Ke5 95. Ng7 h4 96. Kc3 Nd5+ 97. Kd3 Kf4 98. Ke2 Nc7 99. Kf2 Kg5 100. Kf3 Kg6 101. Kg4 Kxg7 {Precision: White = 54%, Black = 50%.} 1/2-1/2